000 00518nam a2200193Ia 4500
005 20250508160434.0
008 008 250505s9999 xx 000 0 hin d
037 _aTextual
040 _aFEDL
_beng
_cFEDL
041 _ahin
_2hin
084 _a301.36, TOM
_qFEDL
100 _aTomar Ram Bihari Singh
245 0 _aNagrik samajshastra
260 _aAgra, India
_bSri Ram Mehara and Company
300 _a304p.
650 _aSociology
942 _cTEXL
_h301.36, TOM
999 _c1364612
_d1364612